000 00864pam a2200289 a 4500
008
020 _a0397511604 (hbk.)
049 _aMAIN
090 _aRD81
_bCLI
245 0 0 _aClinical anesthesia /
_cedited by Paul G. Barash, Bruce F. Cullen, Robert K. Stoelting ; with 98 contributors.
250 _a2nd ed.
260 _aPhiladelphia :
_bLippincott,
_c1992.
300 _axix, 1739 p. :
_bill. ;
_c29 cm.
500 _aIncludes index.
504 _aIncludes bibliographical references.
650 0 _aAnesthesiology.
650 0 _aAnesthesia.
650 2 _aAnesthesiology.
700 1 _aBarash, Paul G.
700 1 _aCullen, Bruce F.
700 1 _aStoelting, Robert K.
907 _a.b10187327
_b27-07-12
_c24-01-06
003
005 20230120203916.0
040 _cNUST
942 _cBOOKS
_kRD81
_mCLI
999 _c113666
_d113666